00369nam a22001337a 450000500170000000800410001704100130005808200130007110000130008424500350009726000460013230000310017865000260020920240725081632.0240725b |||||||| |||| 00| 0 eng d aEnglish  a349 SOU  lEnglish  aThe South African Law Reports  aCape Town: bJuta and Company Ltd,c1933  bviii, 396 pages; c26 cm.  aLegal practice bLaw